00928nam a22002652a 450000100060000000300080000600500170001400800410003103500190007204000270009104100080011808200200012610000460014624501480019225000120034026000360035230000620038849000320045050000200048265000370050265000140053965000230055365100370057683000490061317379BD-RjUL20211209000129.0140216s1947 enk 001 0 eng u a(BD-RjUL)17437 aIQUdBD-RjULbengcIQU aeng00a728.6bJOE 19471 aJones, Sydney R.q(Sydney Robert),d1881-10aEnglish village homes and country buildings /cWith a foreword by Sir William Beach Thomas. Illus. from drawings by the author and from photos. a2nd ed. aLondon :bB.T. Batsford,c1947. aviii, 120 p. :billus., maps (on lining-papers) ;c23 cm.1 aThe British heritage series aIncludes index. 0aArchitecture, DomesticzEngland. 0aCottages. 0aVillageszEngland. 0aEnglandxDescription and travel. 0aBritish heritage series (B.T. Batsford Ltd.)